00504nam a22001457a 450000500170000000800410001702000150005804100130007308200150008610000390010124501040014026000560024430000320030065000260033220231115103657.0231115b |||||||| |||| 00| 0 eng d a0409058440 aEnglish  a344.1 TRO  aTrollip, AT and Gon, SC lEnglish  aPower , Law and Procedure : bA Contemporary Guide to Industrial Relations /cAT Trollip and SC Gon aDurban : bButterworth Publishers (Pty) Ltd, c1992 bviii, 220 pages ; c25 cm.  aLegal practice bLaw